The noble scholar, jurist, historian


 His Excellency Dr. Abdul Wahhab bin Ibrahim Abu Sulaiman, may Allah have mercy on him.


 He was born in Umm Al-Qura in the year 1356 AH.

المملكة العربية السعودية في عيون أوائل المصورين / (Record no. 13639)

MARC details
000 -LEADER
fixed length control field 01643cam a22003491i 4500
003 - CONTROL NUMBER IDENTIFIER
control field SA-RiAUC
005 - DATE AND TIME OF LATEST TRANSACTION
control field 20251222134257.0
008 - FIXED-LENGTH DATA ELEMENTS--GENERAL INFORMATION
fixed length control field 251201s1999 su o g 01000 ara c
020 ## - INTERNATIONAL STANDARD BOOK NUMBER
International Standard Book Number 9960660753
040 ## - CATALOGING SOURCE
Original cataloging agency SA-RiAUC
Language of cataloging ara
Transcribing agency SA-RiAUC
Description conventions rda
041 1# - LANGUAGE CODE
Language code of text/sound track or separate title ara
Language code of original und
043 ## - GEOGRAPHIC AREA CODE
Geographic area code a-su---
050 #4 - LIBRARY OF CONGRESS CALL NUMBER
Item number .F33125 1999
082 04 - DEWEY DECIMAL CLASSIFICATION NUMBER
Classification number 915.3104
Assigning agency SA-RiAUC
090 ## - LOCALLY ASSIGNED LC-TYPE CALL NUMBER (OCLC); LOCAL CALL NUMBER (RLIN)
Classification number (OCLC) (R) ; Classification number, CALL (RLIN) (NR) 915.3104
Local cutter number (OCLC) ; Book number/undivided call number, CALL (RLIN) في س
100 1# - MAIN ENTRY--PERSONAL NAME
Personal name فيسي، وليام،
Dates associated with a name 1948-
Relator term مؤلف.
245 10 - TITLE STATEMENT
Title المملكة العربية السعودية في عيون أوائل المصورين /
Statement of responsibility, etc. تأليف وليام فيسي، جيليان غرانت ؛ تحرير لزلي ماكلوكين ؛ ترجمة زاهر عثمان.
264 #1 - PRODUCTION, PUBLICATION, DISTRIBUTION, MANUFACTURE, AND COPYRIGHT NOTICE
Place of production, publication, distribution, manufacture الرياض :
Name of producer, publisher, distributor, manufacturer الأمانة العامة للاحتفال بمرور مائة عام على تأسيس المملكة،
Date of production, publication, distribution, manufacture, or copyright notice 1999
300 ## - PHYSICAL DESCRIPTION
Extent 128 صفحة :
Other physical details صور ؛
Dimensions 24 سم
336 ## - CONTENT TYPE
Content type term نص
Content type code txt
Source rdacontent
Materials specified كتاب
337 ## - MEDIA TYPE
Media type term بدون وسيط
Media type code n
Source rdamedia
338 ## - CARRIER TYPE
Carrier type term مجلد
Carrier type code nc
Source rdacarrier
500 ## - GENERAL NOTE
General note صدر بمناسبة الاحتفال بمرور مائة عام على تأسيس المملكة العربية السعودية.
651 #7 - SUBJECT ADDED ENTRY--GEOGRAPHIC NAME
Geographic name السعودية
General subdivision وصف ورحلات
Source of heading or term aucsh
651 #7 - SUBJECT ADDED ENTRY--GEOGRAPHIC NAME
Geographic name السعودية
Form subdivision صور فوتوغرافية
Source of heading or term aucsh
651 #7 - SUBJECT ADDED ENTRY--GEOGRAPHIC NAME
Geographic name السعودية
General subdivision وصف ورحلات
Source of heading or term aucsh
700 1# - ADDED ENTRY--PERSONAL NAME
Personal name جرانت، جيليان
Relator term مؤلف.
700 1# - ADDED ENTRY--PERSONAL NAME
Personal name مكلوكلين، ل. ج.،
Dates associated with a name 1935-
Relator term محرر.
700 1# - ADDED ENTRY--PERSONAL NAME
Personal name عثمان، زاهر عبد الرحمن،
Dates associated with a name 1377 هجري-
Relator term مترجم.
942 ## - ADDED ENTRY ELEMENTS (KOHA)
Source of classification or shelving scheme Dewey Decimal Classification
Koha item type Books
Suppress in OPAC No
949 ## - LOCAL PROCESSING INFORMATION (OCLC)
a SA-JeALM
d 251201
u mohamedma123
n 1
Holdings
Withdrawn status Lost status Source of classification or shelving scheme Damaged status Not for loan Home library Current library Date acquired Total checkouts Full call number Barcode Date last seen Price effective from Koha item type
    Dewey Decimal Classification     DR AbdElwahab Library DR AbdElwahab Library 12/22/2025   915.3104 ف ي س 000021881 12/22/2025 12/22/2025 Books
    Dewey Decimal Classification     DR AbdElwahab Library DR AbdElwahab Library 12/28/2025   915.3104 ف ي س 000022058 12/28/2025 12/28/2025 Books